The secret garden

Bibliographic Details
Main Author: Burnett, Frances Hodgson
Other Authors: Marklew, Gilly (illustrated)
Format: Book
Published: USA : Ladybird Books Ltd , 1994
Series:Ladybird Classics
Subjects:

MARC

LEADER 00000cam a2200000 7i4500
001 0000008120
002 000008859
005 20000330.0
020 |a 0721416578 
090 0 0 |a JF   |b BUR 
100 1 |a Burnett, Frances Hodgson 
245 1 4 |a The secret garden   |c Frances Hodgson Burnett ; illustrated by Gilly Marklew 
260 |a USA :   |b Ladybird Books Ltd ,   |c 1994 
300 |b 51p. :   |b ill. ;   |c 18cm. 
490 0 |a Ladybird Classics 
650 0 0 |a Children's stories 
700 1 |a Marklew, Gilly ,   |e illustrated 
999 |a 052412   |b BUKU   |c PINJAMAN   |e PERPUSTAKAAN KOMUNITI CAW KOTA DAMANSARA 
999 |a 052414   |b BUKU   |c PINJAMAN   |e PERPUSTAKAAN KOMUNITI CAW KOTA DAMANSARA 
999 |a 055497   |b BUKU   |c PINJAMAN   |e PERPUSTAKAAN KOMUNITI PETALING JAYA 
999 |a 055498   |b BUKU   |c PINJAMAN   |e PERPUSTAKAAN KOMUNITI PETALING JAYA